NBA Back to Back MVPs - Statistics

General Stats
  • This quiz has been taken 28 times
  • The average score is 12 of 14
Answer Stats
Years Player % Correct
1991-1992 Michael Jordan
100%
2009-2010 LeBron James
95%
2021-2022 Nikola Jokic
95%
1984-1985 Larry Bird
91%
2015-2016 Stephen Curry
91%
2005-2006 Steve Nash
86%
1960-1961 Bill Russell
82%
2019-2020 Giannis Antetokounmpo
82%
2025-2026 Shai Gilgeous-Alexander
82%
2002-2003 Tim Duncan
82%
1966-1967 Wilt Chamberlain
82%
1989-1990 Magic Johnson
77%
1971-1972 Kareem Abdul-Jabbar
68%
1982-1983 Moses Malone
68%
No matching quizzes found
Score Distribution
Percent of People with Each Score
Percentile by Number Answered
Your Score History
You have not taken this quiz